| 000 | 01118nam a2200121Ia 4500 | ||
|---|---|---|---|
| 008 | 220620s9999||||xx |||||||||||||| ||und|| | ||
| 100 | _aRowe, Brian | ||
| 245 | 0 | _aModern Grinding Technology and Systems | |
| 546 | _aEnglish[eng] | ||
| 650 | _awheels||safe operation||precision||lubrication||surface roughness||microgrinding||high-performance dry grinding||micro-grinding||brittle hard materials||glass||micropencil grinding tools||topography||glass–ceramic||cutting edge||coolant delivery||quality||fusion||materials||metal additive manufacturing||profile gear grinding||grinding fluid||coolant||contact conditions||metal cutting fluid||grinding||self-sharpening||mass finishing||process optimization||centerless grinding||grinding fluid nozzle||laser||productivity||systems||subsurface damages||NC-form grinding||sodium dodecyl sulfate||grinding wheels||processes||jet breakup||control||removal rates||wear modelling||precision grinding||optics manufacturing||sensors||bonding||microstructures||machines||thermo-mechanical stress collective | ||
| 856 | _uhttps://mdpi.com/books/pdfview/book/1345 | ||
| 942 | _cEB | ||
| 999 |
_c24177 _d24177 |
||